000 00450nam a2200169 i 4500
001 40904
003 ES-MaACL
005 20230906160333.0
007 t|
008 030307s1971 sp ||||1| spa d
100 1 _aCarol, José.
_935416
245 1 0 _aConfesiones de un drogado
_b: novela /
_cJosé Carol.
250 _a[1ª ed.].
260 _aBarcelona :
_bCorona,
_c[1971]
300 _a319 p. ;
_c20 cm.
852 _aES-MaACL
_jC-40108
_bR.76196
999 _c40904
_d40904